10 Highest Paid Sitcom Stars of All Time Quiz Stats

Quiz Updated Aug 30, 2015

Challenge
Share
Tweet
Score 0/10 Timer 02:00
5 Plays Today
% Correct
#1 Charlie Sheen (Two and a Half Men)
98.6%
#6 Aniston, Cox, Kudrow, LeBlanc, Perry, & Schwimmer (Friends)
91.9%
#7 Jerry Seinfeld (Seinfeld)
87.2%
#10 Ashton Kutcher (Two and a Half Men)
84.3%
#4 Tim Allen (Home Improvement)
84.1%
#2 Ray Romano (Everybody Loves Raymond)
82.4%
#3 Kelsey Grammer (Frasier)
78.2%
#5 Johnny Galecki, Kaley Cuoco, & Jim Parsons (The Big Bang Theory)
74%
#9 Drew Carey (The Drew Carey Show)
73.8%
#8 Helen Hunt & Paul Reiser (Mad About You)
70.4%

You're not logged in!

Compare scores with friends on all Sporcle quizzes.
Join for Free
OR
Log In

You Might Also Like...

Show Comments

Extras

Top Quizzes Today


Score Distribution

Your Account Isn't Verified!

In order to create a playlist on Sporcle, you need to verify the email address you used during registration. Go to your Sporcle Settings to finish the process.

Report this User

Report this user for behavior that violates our Community Guidelines.

Details: